German Monopoly Board Quiz - Statistiken

Allgemein
  • Dieses Quiz wurde 850 mal gespielt
  • Das Durchschnittsergebnis liegt bei 18 aus 28
Antwortstatistiken
Street Name % Korrekt
Schlossallee
92%
Parkstraße
83%
Badstraße
81%
Goethestraße
80%
Nordbahnhof
80%
Südbahnhof
80%
Westbahnhof
80%
Schillerstraße
78%
Turmstraße
75%
Lessingstraße
74%
Hauptbahnhof
73%
Berliner Straße
70%
Opernplatz
70%
Wasserwerk
70%
Elektrizitätswerk
69%
Wiener Straße
63%
Theaterstraße
62%
Münchener Straße
59%
Bahnhofstraße
55%
Poststraße
54%
Rathausplatz
54%
Elisenstraße
53%
Neue Straße
52%
Seestraße
50%
Chausseestraße
49%
Museumstraße
47%
Hauptstraße
46%
Hafenstraße
45%
Keine übereinstimmenden Quizze gefunden
Verteilung der Resultate
Anzahl Personen mit jedem Resultat
Perzentil nach korrekt beantworteten Fragen
Ihre Resultats-Entwicklung
Sie haben dieses Quiz noch nicht gespielt